Japanese in English Quiz Stats

Quiz Updated Mar 6, 2012

Challenge
Share
Tweet
Embed
Score 0/22 Timer 07:00
15 Plays Today
Definition Word % Correct
Japanese art of paper foldingorigami
85.9%
Large ocean wave caused by an earthquake or volcanic eruptiontsunami
85.9%
Logic puzzle that involves filling a 9x9 grid with the numbers 1-9 under certain rulessudoku
84.6%
Dish of vinegared rice topped with raw fish or other seafoodsushi
81.5%
Fictional giant monster that first appeared in an eponymous 1954 filmGodzilla
78%
Musical entertainment involving singing along to popular songskaraoke
76.8%
Japanese system of unarmed self-defense which focuses on striking sensitive areas with the fists and feetkarate
73.5%
Traditional long-sleeved Japanese robe, often ornately decoratedkimono
73.2%
Traditional female Japanese entertainer trained in classical music, dance, etc.geisha
72.5%
Japanese pilot trained for suicide attacks during World War IIkamikaze
71.2%
Member of a feudal Japanese warrior castesamurai
65.5%
Definition Word % Correct
Stylized Japanese comic books and graphic novelsmanga
62.7%
White foodstuff produced by coagulating soybean milktofu
61.5%
Proprietary video cassette format released by Sony in the 1970s, later superseded by VHSBetamax
29.9%
A two-wheeled cart powered by a bicycle or runnerrickshaw
28.8%
Throwing star or blade used especially in ninjutsushuriken
28%
School of Mahāyāna Buddhism particularly prevalent in JapanZen
23.9%
Exceptionally fast-growing climbing vine, now considered a pest weed in the Westkudzu
19.7%
Wealthy business magnatetycoon
19.5%
Japanese bullet trainShinkansen
18.4%
Mutant seedless mandarin orange native to Japansatsuma
14.8%
A leader or chief, as in the militaryhoncho
10%

You're not logged in!

Compare scores with friends on all Sporcle quizzes.
Join for Free
OR
Log In

You Might Also Like...

Show Comments

Extras

Top Quizzes Today


Score Distribution

Your Account Isn't Verified!

In order to create a playlist on Sporcle, you need to verify the email address you used during registration. Go to your Sporcle Settings to finish the process.

Report this User

Report this user for behavior that violates our Community Guidelines.

Details: